[Event "La Roda op 50th"]
[Site "La Roda"]
[Date "2024.03.28"]
[Round "3"]
[White "Sonis, Francesco"]
[Black "Dias, Ricardo Pedro Cruz"]
[Result "1-0"]
[WhiteElo "2562"]
[BlackElo "2216"]
[PlyCount "87"]
[EventDate "2024.03.27"]
[EventType "swiss"]
[EventRounds "9"]
[EventCountry "ESP"]
[SourceTitle "CB14_2024"]
[SourceDate "2024.04.01"]
[SourceVersion "1"]
[SourceVersionDate "2024.04.01"]
[SourceQuality "1"]

1. Nf3 Nf6 2. b3 g6 3. Bb2 Bg7 4. g3 c5 5. c4 d6 6. Bg2 e5 7. 0-0 0-0 8. d3 Nc6 9. Nc3 h6 10. Nd2 Rb8 11. a3 a5 12. Nd5 Nxd5 13. cxd5 Nd4 14. e3 Nf5 15. b4 axb4 16. axb4 h5 17. bxc5 dxc5 18. Nc4 Qe7 19. Qb3 b5 20. Na5 Bd7 21. Qc2 Qd6 22. Rfc1 Rfc8 23. Nc6 Bxc6 24. dxc6 Bf8 25. Ra7 Qe6 26. Qc3 Bd6 27. Qa5 Qb3 28. Ba1 Qxd3 29. c7 Bxc7 30. Rxc7 Nxe3 31. Rxc8+ Rxc8 32. Qe1 Nc2 33. Rxc2 Qxc2 34. Qxe5 Qc1+ 35. Bf1 Qh6 36. Bxb5 c4 37. Bc3 Kh7 38. Ba6 Rd8 39. Bxc4 Qf8 40. Kg2 Rd6 41. Bxf7 Rd3 42. Bxg6+ Kxg6 43. Qe6+ Kg5 44. h4# 1-0

[Event "La Roda op 49th"]
[Site "La Roda"]
[Date "2023.04.06"]
[Round "3"]
[White "Kobo, Ori"]
[Black "Dias, Ricardo Pedro Cruz"]
[Result "1-0"]
[WhiteElo "2549"]
[BlackElo "2195"]
[PlyCount "85"]
[EventDate "2023.04.05"]
[EventType "swiss"]
[EventRounds "9"]
[EventCountry "ESP"]
[SourceTitle "CBM 213 Extra"]
[Source "ChessBase"]
[SourceDate "2023.05.31"]
[SourceVersion "1"]
[SourceVersionDate "2023.05.31"]
[SourceQuality "1"]

1. e4 c5 2. Nf3 d6 3. d4 cxd4 4. Qxd4 Nf6 5. Nc3 Nc6 6. Qd3 g6 7. Be2 Bg7 8. 0-0 0-0 9. Nd5 Nd7 10. c3 Nc5 11. Qc2 f5 12. exf5 Bxf5 13. Qd1 e6 14. Ne3 d5 15. Nd4 Qh4 16. g3 Qh3 17. Bf3 Ne5 18. Bg2 Qh5 19. Qxh5 gxh5 20. Ndxf5 exf5 21. Nxd5 Ned3 22. Be3 Na4 23. Nc7 Rac8 24. Ne6 Rf7 25. Bd5 Rd7 26. Bb3 Naxb2 27. Nc5+ Rf7 28. Nxd3 Nxd3 29. Bd4 Bxd4 30. cxd4 Rd8 31. Rab1 b6 32. Bxf7+ Kxf7 33. Rfd1 Rxd4 34. Rb3 Nf4 35. Rxd4 Ne2+ 36. Kg2 Nxd4 37. Rd3 Nc6 38. Rc3 Ne7 39. Rc7 a6 40. Rb7 b5 41. Ra7 Ke6 42. Rxa6+ Kd5 43. Rh6 1-0

[Event "Maia op 6th"]
[Site "Maia"]
[Date "2022.09.01"]
[Round "9"]
[White "Umetsubo, Cesar Hidemitsu"]
[Black "Dias, Ricardo Pedro Cruz"]
[Result "1-0"]
[WhiteElo "2407"]
[BlackElo "2195"]
[PlyCount "121"]
[EventDate "2022.08.26"]
[EventType "swiss"]
[EventRounds "9"]
[EventCountry "POR"]
[SourceTitle "CBM 210 Extra"]
[Source "ChessBase"]
[SourceDate "2022.11.30"]
[SourceVersion "1"]
[SourceVersionDate "2022.11.30"]
[SourceQuality "1"]

1. d4 Nf6 2. Bf4 g6 3. Nf3 Bg7 4. e3 0-0 5. Be2 c5 6. c3 d6 7. Nbd2 b6 8. h3 Bb7 9. 0-0 Nbd7 10. Bh2 a6 11. a4 Ra7 12. Qb1 Qa8 13. Bd3 e5 14. dxe5 Nxe5 15. Nxe5 dxe5 16. e4 Rd8 17. f3 b5 18. Rd1 c4 19. Bc2 Nh5 20. Qa2 Bh6 21. Nf1 Rxd1 22. Bxd1 Qe8 23. axb5 Bf8 24. b6 Bc5+ 25. Kh1 Bxb6 26. Qxc4 Bc6 27. Ba4 Bb5 28. Qb3 Bc5 29. Qd5 Bxa4 30. Qxc5 Ra8 31. Qxe5 Qd7 32. Qd4 Bb5 33. Qxd7 Bxd7 34. Ne3 Bc6 35. Kg1 Nf6 36. Be5 Nd7 37. Bd4 a5 38. Kf2 Kf8 39. Nd5 a4 40. c4 Rc8 41. Ke3 Ke8 42. Kd3 Rb8 43. Ra3 f5 44. e5 g5 45. Kc3 Nf8 46. Bc5 Ne6 47. Bd6 Rc8 48. Nb6 Rd8 49. Nxa4 Ra8 50. Nb6 Rxa3+ 51. bxa3 Nf4 52. e6 Nxg2 53. Nd5 Nh4 54. Nf6+ Kd8 55. e7+ Kc8 56. c5 Nxf3 57. e8Q+ Bxe8 58. Nxe8 Ng1 59. Nf6 Nxh3 60. c6 Nf2 61. Kd4 1-0

[Event "Queima das Fitas op"]
[Site "Coimbra"]
[Date "2022.04.25"]
[Round "7"]
[White "Dias, Ricardo Pedro Cruz"]
[Black "Sanchez Del Prado, Manuel"]
[Result "1-0"]
[WhiteElo "2196"]
[BlackElo "1992"]
[PlyCount "146"]
[EventDate "2022.04.23"]
[EventType "swiss"]
[EventRounds "7"]
[EventCountry "POR"]
[SourceTitle "EXT 2023"]
[Source "ChessBase"]
[SourceDate "2022.10.05"]
[SourceVersion "1"]
[SourceVersionDate "2022.10.05"]
[SourceQuality "1"]

1. e4 c6 2. d4 d5 3. e5 Bf5 4. Nd2 e6 5. Nb3 c5 6. dxc5 Bxc5 7. Nxc5 Qa5+ 8. c3 Qxc5 9. Be3 Qa5 10. f4 h5 11. Nf3 Ne7 12. Be2 Nbc6 13. 0-0 g6 14. Ng5 d4 15. Bxd4 Rd8 16. Nf3 Be4 17. Qb3 Nxd4 18. Nxd4 0-0 19. Bf3 Bd5 20. Bxd5 Nxd5 21. Rf2 Rd7 22. h3 h4 23. Re1 a6 24. a3 Rc8 25. Rf3 b5 26. Qc2 b4 27. axb4 Nxb4 28. Qf2 Qd8 29. Re4 Nc6 30. Rd3 Nxd4 31. Rexd4 Rxd4 32. Rxd4 Qb6 33. Rd6 Qb5 34. Rd2 Qc5 35. Rd8+ Kg7 36. Rxc8 Qxc8 37. Qxh4 Qc4 38. Qf6+ Kg8 39. Qd8+ Kg7 40. Qd4 Qe2 41. b4 Qc2 42. Kh2 Qb2 43. Kg3 Qe2 44. Kh2 Qb2 45. Qe3 Qb3 46. Kg3 Qd5 47. Qd4 Qb3 48. Kf3 Qb1 49. Qd2 Qf1+ 50. Ke3 Qc4 51. g4 Qf1 52. Kd4 Qxh3 53. g5 Qf3 54. c4 Qc6 55. Kc3 Qa4 56. Kb2 a5 57. bxa5 Qxc4 58. Ka3 Qb5 59. Qc3 Qb1 60. Qc4 Kh7 61. Ka4 Qb2 62. a6 Qb6 63. Qc8 Qd4+ 64. Kb5 Qxf4 65. Qc5 Qf1+ 66. Kb6 Qf3 67. a7 Qb3+ 68. Kc7 Qa4 69. Qb6 Qe4 70. Kd6 Qd5+ 71. Ke7 Kg7 72. Qc7 Qe4 73. Qb8 Qf4 1-0

[Event "Queima das Fitas op"]
[Site "Coimbra"]
[Date "2022.04.24"]
[Round "4"]
[White "Dias, Ricardo Pedro Cruz"]
[Black "Alegre, Fabio Costa"]
[Result "1-0"]
[WhiteElo "2196"]
[BlackElo "1765"]
[PlyCount "53"]
[EventDate "2022.04.23"]
[EventType "swiss"]
[EventRounds "7"]
[EventCountry "POR"]
[SourceTitle "EXT 2023"]
[Source "ChessBase"]
[SourceDate "2022.10.05"]
[SourceVersion "1"]
[SourceVersionDate "2022.10.05"]
[SourceQuality "1"]

1. e4 d6 2. d4 Nf6 3. Nc3 g6 4. f4 Bg7 5. Nf3 0-0 6. a3 c5 7. dxc5 dxc5 8. Qxd8 Rxd8 9. Bd3 Nc6 10. e5 Ne8 11. Be3 b6 12. Be4 Bb7 13. Kf2 Rab8 14. h4 Nc7 15. h5 Nd4 16. Bxb7 Rxb7 17. Bxd4 cxd4 18. Rad1 Ne6 19. Ne2 Rbd7 20. hxg6 hxg6 21. Rd3 f6 22. Rhd1 fxe5 23. fxe5 Rd5 24. c3 g5 25. g4 Nc5 26. Rxd4 Nd3+ 27. R1xd3 1-0

[Event "Lisbon Portugal rapid op"]
[Site "Lisbon"]
[Date "2019.02.10"]
[Round "2"]
[White "Dias, Ricardo Pedro Cruz"]
[Black "Bilguun, Sumiya"]
[Result "0-1"]
[WhiteElo "2128"]
[BlackElo "2471"]
[PlyCount "84"]
[EventDate "2019.02.10"]
[EventType "swiss (rapid)"]
[EventRounds "8"]
[EventCountry "POR"]
[SourceTitle "CBM 188 Extra"]
[Source "ChessBase"]
[SourceDate "2019.02.26"]
[SourceVersion "1"]
[SourceVersionDate "2019.02.26"]
[SourceQuality "1"]

1. e4 c5 2. Nf3 e6 3. d4 cxd4 4. Nxd4 a6 5. Bd3 Qb6 6. Nb3 Qc7 7. 0-0 g6 8. Qe2 Bg7 9. c4 d6 10. Be3 Nd7 11. Rc1 Ngf6 12. f4 b6 13. Nc3 Bb7 14. Nd2 h5 15. h3 h4 16. Qf2 Rb8 17. b4 Qd8 18. a4 Nh5 19. a5 bxa5 20. Rxa5 Ng3 21. Nf3 0-0 22. Ng5 Nf6 23. Bd4 e5 24. fxe5 Ng4 25. hxg4 Qxg5 26. Be3 Qxg4 27. exd6 Bxc3 28. Rxc3 Qd1+ 29. Bf1 Nxe4 30. Qc2 Qxd6 31. Rd3 Qe7 32. Bh6 Rfd8 33. Re3 Qxb4 34. Raa3 Kh7 35. Qc1 Qc5 36. Bf4 Re8 37. Bxb8 Rxb8 38. Qe1 g5 39. Ra5 Qd4 40. Bd3 Kg7 41. Bxe4 Bxe4 42. Ra1 Rb3 0-1

[Event "Lisbon Portugal op"]
[Site "Lisbon"]
[Date "2019.02.08"]
[Round "8"]
[White "Dias, Ricardo Pedro Cruz"]
[Black "Martin Duque, Jesus"]
[Result "0-1"]
[WhiteElo "2128"]
[BlackElo "2393"]
[PlyCount "146"]
[EventDate "2019.02.02"]
[EventType "swiss"]
[EventRounds "9"]
[EventCountry "POR"]
[SourceTitle "CBM 188 Extra"]
[Source "ChessBase"]
[SourceDate "2019.02.26"]
[SourceVersion "1"]
[SourceVersionDate "2019.02.26"]
[SourceQuality "1"]

1. e4 e5 2. Nf3 Nc6 3. Bb5 a6 4. Ba4 Nf6 5. 0-0 Be7 6. Re1 b5 7. Bb3 d6 8. c3 0-0 9. h3 Nb8 10. d4 Nbd7 11. Nbd2 Bb7 12. Bc2 Re8 13. Nf1 Bf8 14. Ng3 g6 15. a4 c5 16. d5 c4 17. Bg5 h6 18. Be3 Qc7 19. Qd2 Kh7 20. Ra3 Nc5 21. Rea1 Nfd7 22. Qd1 Nb6 23. axb5 axb5 24. Nd2 Reb8 25. R1a2 Nca4 26. Qf1 Nc5 27. Qa1 Rxa3 28. Rxa3 Bc8 29. Ra7 Rb7 30. Rxb7 Qxb7 31. Qa3 Bd7 32. Nb1 Nba4 33. Qa2 Qc8 34. Na3 h5 35. Qb1 Bg7 36. Ne2 Bh6 37. Bxh6 Kxh6 38. b3 cxb3 39. Bxb3 Nxb3 40. Qxb3 Nc5 41. Qb1 Qa6 42. Nc2 Qa4 43. Nb4 Kg7 44. f4 exf4 45. Nxf4 Qa8 46. Kf2 Qe8 47. Kf3 Qe5 48. Ne2 g5 49. g4 hxg4+ 50. hxg4 Qf6+ 51. Kg3 Qh6 52. Qg1 Nxe4+ 53. Kf3 Nf6 54. Qg3 Nxg4 55. Kg2 Bf5 56. Nd4 Be4+ 57. Kf1 Ne5 58. Nbc6 Qf6+ 59. Ke1 Bxd5 60. Nxe5 dxe5 61. Nxb5 Bc4 62. Na3 Be6 63. Nc2 g4 64. c4 Qg5 65. Ne3 Qf4 66. Qg1 f5 67. c5 Kf7 68. c6 Qe4 69. Kd2 Qxc6 70. Qa1 Qd6+ 71. Ke2 f4 72. Nd1 g3 73. Qb1 Bg4+ 0-1

[Event "Lisbon Portugal op"]
[Site "Lisbon"]
[Date "2019.02.07"]
[Round "7"]
[White "Godzwon, Iwo"]
[Black "Dias, Ricardo Pedro Cruz"]
[Result "1-0"]
[WhiteElo "2322"]
[BlackElo "2128"]
[PlyCount "119"]
[EventDate "2019.02.02"]
[EventType "swiss"]
[EventRounds "9"]
[EventCountry "POR"]
[SourceTitle "CBM 188 Extra"]
[Source "ChessBase"]
[SourceDate "2019.02.26"]
[SourceVersion "1"]
[SourceVersionDate "2019.02.26"]
[SourceQuality "1"]

1. e4 e5 2. Nf3 Nc6 3. Bb5 a6 4. Ba4 Nf6 5. 0-0 Be7 6. Re1 b5 7. Bb3 0-0 8. h3 Bb7 9. d3 d6 10. a3 Qd7 11. Nbd2 Nd8 12. Nf1 h6 13. Ng3 Re8 14. c3 Bf8 15. Bc2 d5 16. d4 Nxe4 17. Nxe5 Qe6 18. Bf4 f5 19. f3 Nxg3 20. Bxg3 Nf7 21. Qd3 g6 22. Re2 Bg7 23. Rae1 Nd6 24. Bf4 Rf8 25. Ng4 Ne4 26. Nxh6+ Kh7 27. fxe4 fxe4 28. Qe3 g5 29. Bxg5 Bxh6 30. Bxh6 Qxh6 31. Qxh6+ Kxh6 32. Rf1 Rxf1+ 33. Kxf1 Re8 34. Rf2 Re7 35. Ke2 Kg5 36. Ke3 Bc8 37. Rf4 Rh7 38. Rf8 Be6 39. Bd1 Rh6 40. Be2 Bd7 41. Rf7 Rd6 42. Rh7 Kg6 43. Rh8 Kg7 44. Rd8 Kf6 45. g4 Kg5 46. Rh8 Bc6 47. h4+ Kg6 48. g5 Kg7 49. Rc8 Rd7 50. h5 Rf7 51. g6 Re7 52. Kf4 Kf6 53. Rh8 Be8 54. Rf8+ Kg7 55. Rf5 c6 56. Kg5 Bd7 57. h6+ Kg8 58. h7+ Kg7 59. Rf7+ Rxf7 60. gxf7 1-0

[Event "Figueira da Foz op 12th"]
[Site "Figueira da Foz"]
[Date "2018.11.04"]
[Round "9"]
[White "Dias, Ricardo Pedro Cruz"]
[Black "Margarido, Jose Miguel Teixeir"]
[Result "1/2-1/2"]
[WhiteElo "2098"]
[BlackElo "2121"]
[PlyCount "75"]
[EventDate "2018.10.28"]
[EventType "swiss"]
[EventRounds "9"]
[EventCountry "POR"]
[SourceTitle "CBM 187 Extra"]
[Source "ChessBase"]
[SourceDate "2018.11.04"]
[SourceVersion "1"]
[SourceVersionDate "2018.11.04"]
[SourceQuality "1"]

1. e4 c5 2. Nf3 e6 3. d4 cxd4 4. Nxd4 Nc6 5. Nc3 a6 6. g3 d6 7. Bg2 Bd7 8. 0-0 Nf6 9. Be3 Be7 10. a4 0-0 11. f4 Qc7 12. Qe2 Rfe8 13. Kh1 Rac8 14. h3 Nxd4 15. Bxd4 Bc6 16. Rad1 Nd7 17. g4 e5 18. Be3 exf4 19. Bxf4 Ne5 20. Qf2 Bf8 21. a5 g6 22. b3 Bg7 23. Ne2 Re7 24. Qh4 Rd7 25. Bh6 Bxh6 26. Qxh6 Qxa5 27. Rf6 Qc5 28. c4 Re8 29. Nf4 Qe3 30. Rf1 Bxe4 31. g5 Bxg2+ 32. Kxg2 Qe4+ 33. Kg3 d5 34. Ne6 Rxe6 35. Rxe6 Qe3+ 36. Kg2 Qe2+ 37. Kg3 Qe3+ 38. Kg2 1/2-1/2

[Event "Guimaraes 2nd"]
[Site "Guimaraes"]
[Date "2018.10.07"]
[Round "7"]
[White "Dias, Ricardo Pedro Cruz"]
[Black "Machado, Tomas Dias"]
[Result "1/2-1/2"]
[WhiteElo "2098"]
[BlackElo "1966"]
[PlyCount "34"]
[EventDate "2018.10.04"]
[EventType "swiss"]
[EventRounds "7"]
[EventCountry "POR"]
[SourceTitle "CBM 186 Extra"]
[Source "ChessBase"]
[SourceDate "2018.08.24"]
[SourceVersion "1"]
[SourceVersionDate "2018.08.24"]
[SourceQuality "1"]

1. e4 c5 2. Nf3 Nc6 3. d4 cxd4 4. Nxd4 Nf6 5. Nc3 e5 6. Ndb5 d6 7. Bg5 a6 8. Na3 b5 9. Bxf6 gxf6 10. Nd5 f5 11. Bd3 Be6 12. 0-0 Rg8 13. Qh5 Rg5 14. Qxh7 Rg6 15. f4 Rh6 16. Qg8 Rg6 17. Qh7 Rh6 1/2-1/2

[Event "Guimaraes 2nd"]
[Site "Guimaraes"]
[Date "2018.10.06"]
[Round "5"]
[White "Herrera Reyes, Jose Antonio"]
[Black "Dias, Ricardo Pedro Cruz"]
[Result "1-0"]
[WhiteElo "2343"]
[BlackElo "2098"]
[PlyCount "75"]
[EventDate "2018.10.04"]
[EventType "swiss"]
[EventRounds "7"]
[EventCountry "POR"]
[SourceTitle "CBM 186 Extra"]
[Source "ChessBase"]
[SourceDate "2018.08.24"]
[SourceVersion "1"]
[SourceVersionDate "2018.08.24"]
[SourceQuality "1"]

1. Nf3 Nf6 2. g3 g6 3. Bg2 Bg7 4. d3 d5 5. c3 0-0 6. Bg5 h6 7. Bf4 c5 8. a3 Re8 9. Qc1 Kh7 10. Ne5 Be6 11. h4 Nfd7 12. Nf3 Bg4 13. h5 g5 14. Bxg5 Bxf3 15. Bxf3 hxg5 16. Bxd5 Qb6 17. Bxf7 Rf8 18. Bg6+ Kh8 19. Nd2 c4 20. d4 e5 21. e3 Qf6 22. Rh2 Bh6 23. Qc2 Nc6 24. 0-0-0 b5 25. Ne4 Qe7 26. d5 Na5 27. d6 Qe6 28. Kb1 Nb3 29. Nd2 Nbc5 30. Ne4 Nb3 31. g4 a5 32. Bf5 Qf7 33. Ng3 Ra6 34. Bxd7 Qxd7 35. Qg6 Bg7 36. Nf5 b4 37. h6 Bf6 38. Qg7+ 1-0

[Event "Guimaraes 2nd"]
[Site "Guimaraes"]
[Date "2018.10.05"]
[Round "3"]
[White "Medarde Santiago, Luis Marcos"]
[Black "Dias, Ricardo Pedro Cruz"]
[Result "1-0"]
[WhiteElo "2384"]
[BlackElo "2098"]
[PlyCount "89"]
[EventDate "2018.10.04"]
[EventType "swiss"]
[EventRounds "7"]
[EventCountry "POR"]
[SourceTitle "CBM 186 Extra"]
[Source "ChessBase"]
[SourceDate "2018.08.24"]
[SourceVersion "1"]
[SourceVersionDate "2018.08.24"]
[SourceQuality "1"]

1. e4 e5 2. Nf3 Nc6 3. Bc4 Bc5 4. c3 Nf6 5. d4 exd4 6. e5 d5 7. Bb5 Ne4 8. cxd4 Bb4+ 9. Bd2 Be7 10. Qc2 0-0 11. 0-0 Bg4 12. Be3 f6 13. Bxc6 bxc6 14. Ne1 Bf5 15. Qxc6 Rb8 16. Nc3 Nxc3 17. Qxc3 Bb4 18. Qc1 Bxe1 19. Rxe1 Qd7 20. Bf4 fxe5 21. Bxe5 Rf7 22. b3 Re8 23. Re3 Re6 24. Rg3 h6 25. Qa3 c6 26. Rc1 Qb7 27. Qa4 Re8 28. Rc5 Bd7 29. Qa5 Qb6 30. h3 Re6 31. f4 Kh7 32. Qc3 Re8 33. Qc2+ Kg8 34. Qg6 Re6 35. Qc2 Re8 36. Kh2 Qa6 37. Qg6 Re6 38. Qh5 Qf1 39. f5 Rxe5 40. dxe5 Qxf5 41. Qxf5 Rxf5 42. e6 Bxe6 43. Rxc6 Bf7 44. Rc7 a6 45. Rf3 1-0

[Event "POR-ch U18"]
[Site "Luso"]
[Date "2018.03.27"]
[Round "5"]
[White "Dias, Ricardo Pedro Cruz"]
[Black "Paiva, Henrique MA Alberg"]
[Result "0-1"]
[WhiteElo "2117"]
[BlackElo "2038"]
[PlyCount "68"]
[EventDate "2018.03.24"]
[EventType "swiss"]
[EventRounds "7"]
[EventCountry "POR"]
[SourceTitle "EXT 2019"]
[Source "ChessBase"]
[SourceDate "2018.10.10"]
[SourceVersion "1"]
[SourceVersionDate "2018.10.10"]
[SourceQuality "1"]

1. e4 c5 2. Nf3 d6 3. d4 cxd4 4. Nxd4 Nf6 5. Nc3 Nc6 6. Bc4 e6 7. Be3 a6 8. Qe2 Qc7 9. Bb3 Be7 10. 0-0-0 0-0 11. Rhg1 Nd7 12. g4 Nc5 13. g5 Bd7 14. Qh5 Rfc8 15. Rg3 Nxd4 16. Bxd4 Nxb3+ 17. axb3 e5 18. Be3 a5 19. Rd2 a4 20. bxa4 Qc4 21. Qe2 Qb4 22. Rd3 Be6 23. Bd2 b5 24. Nd5 Qxa4 25. Bc3 Bxd5 26. Rxd5 b4 27. b3 Qa2 28. Bb2 Rc6 29. Rd2 Rca6 30. Rdd3 Qxb2+ 31. Kd2 Rc6 32. Qh5 Rxc2+ 33. Ke3 Qc1+ 34. Kf3 Qf4+ 0-1

[Event "Lisbon Portugal op"]
[Site "Lisbon"]
[Date "2018.02.04"]
[Round "4"]
[White "Warakomski, Tomasz"]
[Black "Dias, Ricardo Pedro Cruz"]
[Result "1-0"]
[WhiteElo "2517"]
[BlackElo "2162"]
[PlyCount "49"]
[EventDate "2018.02.03"]
[EventType "swiss"]
[EventRounds "9"]
[EventCountry "POR"]
[SourceTitle "CBM 182 Extra"]
[Source "ChessBase"]
[SourceDate "2018.02.23"]
[SourceVersion "1"]
[SourceVersionDate "2018.02.23"]
[SourceQuality "1"]

1. e4 e5 2. Nf3 Nc6 3. Nc3 Nf6 4. a3 Bc5 5. Nxe5 Nxe5 6. d4 Bxd4 7. Qxd4 d6 8. Bg5 h6 9. Bh4 Nc6 10. Qd2 g5 11. Bg3 Qe7 12. 0-0-0 Bd7 13. h4 g4 14. h5 0-0-0 15. f3 Rdg8 16. Bf4 Qe6 17. Kb1 Ne5 18. Qe3 Kb8 19. Ne2 Nc6 20. Nd4 Nxd4 21. Qxd4 Bc6 22. Bc4 Qe7 23. e5 dxe5 24. Bxe5 Rd8 25. Qc3 1-0

[Event "POR-ch U18 rapid"]
[Site "Rio Maior"]
[Date "2017.10.21"]
[Round "3"]
[White "Bastiao, Goncalo de Oliveira"]
[Black "Dias, Ricardo Pedro Cruz"]
[Result "0-1"]
[WhiteElo "1488"]
[BlackElo "1892"]
[PlyCount "102"]
[EventDate "2017.10.21"]
[EventType "swiss (rapid)"]
[EventRounds "7"]
[EventCountry "POR"]
[SourceTitle "EXT 2024"]
[Source "ChessBase"]
[SourceDate "2023.10.10"]
[SourceVersion "1"]
[SourceVersionDate "2023.10.10"]
[SourceQuality "1"]

1. e4 e5 2. Bc4 Bc5 3. Nc3 Nc6 4. d3 d6 5. Na4 Bb6 6. Nxb6 axb6 7. c3 Nge7 8. Bg5 Na5 9. Bb5+ Bd7 10. Bxd7+ Qxd7 11. Bxe7 Qxe7 12. b4 Nc6 13. Qg4 0-0 14. Ne2 f5 15. exf5 Qf7 16. Ng3 Ra3 17. 0-0 Rxc3 18. Nh5 g6 19. fxg6 Qxg6 20. Qxg6+ hxg6 21. Ng3 Nxb4 22. Rac1 Rxc1 23. Rxc1 Nd5 24. Ne4 Ra8 25. Rc2 Ra3 26. Rd2 Nf4 27. Ng5 Rxd3 28. Rxd3 Nxd3 29. Ne6 c5 30. Kf1 b5 31. Ke2 Nc1+ 32. Kd2 Nxa2 33. Nc7 Kf7 34. Nxb5 Ke6 35. Nc7+ Kd7 36. Nd5 Ke6 37. Nc7+ Kf5 38. f3 Nb4 39. Nb5 Ke6 40. Nc3 Nd5 41. Ne4 b5 42. g4 Nf4 43. h4 c4 44. Nc3 b4 45. Ne4 d5 46. Nc5+ Kd6 47. Nb7+ Kc7 48. Nc5 Kc6 49. Na6 b3 50. Kc1 c3 51. Nb4+ Kb5 0-1